[Event "S67129 Gustafson Memorial Open"]
[Site "CCLA"]
[Date "2016.11.20"]
[Round "?"]
[White "Martindale, Roger"]
[Black "Lyons, Gage W."]
[Result "1-0"]
[WhiteElo "1098"]
[BlackElo "1210"]

1. e4 e5 2. Nf3 Nc6 3. a3 d5 4. Bb5 Bd7 5. Qe2 Nf6 6. Nc3 Bd6 7. exd5 Ne7 
8. h3 Bxb5 9. Nxb5 a6 10. Nxd6+ Qxd6 11. c4 O-O 12. Nxe5 c6 13. O-O cxd5 
14. cxd5 Qxd5 15. Nc4 Nd7 16. Qxe7 Rae8 17. Qd6 Qxd6 18. Nxd6 1-0

[Event "S60299 Regular Quad"]
[Site "CCLA"]
[Date "2017.01.07"]
[Round "?"]
[White "Williams, Rufus H."]
[Black "Walsh, Patrick"]
[Result "1-0"]
[WhiteElo "1375"]
[BlackElo "1647"]

1. e4 Nf6 2. d3 e5 3. Nf3 Nc6 4. c3 g6 5. Be2 Bg7 6. O-O O-O 7. Bg5 d5 8. 
d4 exd4 9. cxd4 dxe4 10. Ne5 Nxd4 11. Nc3 Re8 12. Nc4 h6 13. Be3 Nxe2+ 14.
 Qxe2 Bg4 15. Qc2 Qd3 16. Qxd3 exd3 17. Nd2 b6 18. a4 Rad8 19. Rfe1 Nd5 
20. h3 Nxc3 21. hxg4 Ne2+ 22. Kf1 1-0

[Event "S67099 Gustafson Memorial Open"]
[Site "CCLA"]
[Date "2016.11.20"]
[Round "?"]
[White "Perry, William E."]
[Black "Buganza, Nathan J."]
[Result "1-0"]
[WhiteElo "1465"]
[BlackElo "1411"]

1. e4 e5 2. Nf3 Nc6 3. d4 f6 4. Bc4 d6 5. O-O Bg4 6. c3 Qd7 7. Be3 O-O-O 
8. b4 Bxf3 9. Qxf3 Nge7 10. d5 Nb8 11. Bxa7 b6 12. Qd3 Kb7 13. Bxb8 Rxb8 
14. a4 Ra8 15. Nd2 g6 16. a5 bxa5 17. bxa5 c6 18. Rfb1+ Kc7 19. a6 Qc8 20.
 dxc6 Nxc6 21. Bd5 Qe8 22. Rb7+ Kc8 23. Qc4 1-0

[Event "S60259 Regular Quad"]
[Site "CCLA"]
[Date "2016.08.07"]
[Round "?"]
[White "Berger, Byron"]
[Black "Williams, Rufus H."]
[Result "1/2-1/2"]
[WhiteElo "1489"]
[BlackElo "1375"]

1. e4 e5 2. Nf3 Nc6 3. d4 d6 4. dxe5 dxe5 5. Qxd8+ Kxd8 6. Bb5 Nf6 7. Nc3 
Bc5 8. Bxc6 bxc6 9. Nxe5 Be6 10. Nxc6+ Ke8 11. f3 Bd7 12. Ne5 c6 13. Nxd7 
Kxd7 14. Bd2 h6 15. O-O-O Ke7 16. Rhe1 Rhd8 17. Be3 Bxe3+ 18. Rxe3 Rab8 
19. Red3 Rxd3 20. Rxd3 a6 21. Na4 Nd7 22. a3 f6 23. Rb3 Rxb3 24. cxb3 Ke6 
25. Kd2 Ke5 26. Ke3 f5 27. exf5 Kxf5 28. Nc3 Nf6 29. Ne4 Nxe4 30. fxe4+ 
Ke5 31. b4 g6 32. a4 g5 33. b5 cxb5 34. axb5 axb5 35. h3 h5 36. g3 g4 37. 
hxg4 hxg4 38. Kd3 b4 39. b3 Kd6 40. Kc4 Ke5 41. Kxb4 Kxe4 42. Kc5 Kf3 43. 
b4 Kxg3 44. b5 Kf2 45. b6 g3 46. b7 g2 47. b8=Q g1=Q 48. Kc4 1/2-1/2

[Event "S60169 Server NA Class D Ch"]
[Site "CCLA"]
[Date "2016.05.12"]
[Round "?"]
[White "Acebo, Brian"]
[Black "Williams, Rufus H."]
[Result "1-0"]
[WhiteElo "1376"]
[BlackElo "1326"]

1. e4 e5 2. Nf3 Nc6 3. d4 d6 4. h3 Nf6 5. Nc3 a6 6. d5 Na7 7. Bc4 b5 8. 
Bd3 Be7 9. O-O O-O 10. a3 Bb7 11. b4 c6 12. dxc6 Nxc6 13. Bb2 Nd4 14. Nxd4
exd4 15. Ne2 Bxe4 16. Nxd4 Bxd3 17. Qxd3 Rc8 18. Rac1 d5 19. Nf5 Rc6 20. 
Nxe7+ Qxe7 21. Bxf6 Qxf6 22. Qxd5 Rcc8 23. Rfe1 h6 24. Re3 Rce8 25. Rce1 
Rxe3 26. Rxe3 Rc8 27. Qd3 Qg6 28. Qxg6 fxg6 29. Re2 Rc3 30. Re3 Rxc2 31. 
Re6 Kf7 32. Rxa6 Ra2 33. f3 g5 34. Rb6 Rxa3 35. Rxb5 Rb3 36. Kf2 Ke6 37. 
Rb7 Kf6 38. g4 Ke5 39. Kg3 Kd5 40. Rxg7 Rxb4 41. Rg6 Kd4 42. Rxh6 Rb5 43. 
h4 gxh4+ 44. Kxh4 Rb1 45. Rf6 Rf1 46. f4 Ke4 47. Re6+ Kd5 48. f5 Rf4 49. 
Kg5 Rf3 50. Kf6 Rh3 51. g5 Rh8 52. Re7 Kd6 53. Re6+ Kd7 54. Re7+ Kd8 55. 
g6 Rf8+ 56. Rf7 Ke8 57. Rxf8+ Kxf8 58. g7+ Kg8 59. Ke7 Kxg7 60. f6+ Kg6 
61. f7 1-0

[Event "S60221 Summer Series"]
[Site "CCLA"]
[Date "2016.07.31"]
[Round "?"]
[White "Mann, Wallace"]
[Black "Smiley, William R."]
[Result "1-0"]
[WhiteElo "1528"]
[BlackElo "1563"]

1. e4 e5 2. Nf3 Nc6 3. d4 exd4 4. c3 dxc3 5. Nxc3 d6 6. Bc4 h6 7. Qb3 Qe7 
8. O-O Qd7 9. e5 Na5 10. Qb4 Nxc4 11. Qxc4 c6 12. exd6 Bxd6 13. Re1+ Ne7 
14. Ne5 Bxe5 15. Rxe5 O-O 16. Be3 Re8 17. Rd1 Qg4 18. Rd4 Qg6 19. Qe2 Be6 
20. g4 Nf5 21. Rf4 f6 22. Rexf5 Bxf5 23. Rxf5 Kh8 24. Qf3 Re6 25. Ne2 Rd6 
26. Kg2 b6 27. h4 Rg8 28. h5 Qf7 29. b3 g6 30. hxg6 Qxg6 31. Kh3 Kh7 32. 
Rh5 1-0

[Event "S67099 Gustafson Memorial Open"]
[Site "CCLA"]
[Date "2016.11.20"]
[Round "?"]
[White "Perry, William E."]
[Black "Hodgkins, Neil C."]
[Result "1/2-1/2"]
[WhiteElo "1465"]
[BlackElo "1462"]

1. e4 e5 2. Nf3 Nc6 3. d4 exd4 4. Nxd4 Nxd4 5. Qxd4 d6 6. Nc3 Nf6 7. Bf4 
c5 8. Bb5+ Bd7 9. Qd3 Bxb5 10. Nxb5 d5 11. exd5 Qa5+ 12. Nc3 Rd8 13. O-O 
Be7 14. d6 Bf8 15. Rfe1+ Kd7 16. Qf5+ Kc6 17. Rad1 Bxd6 18. Bxd6 Rxd6 19. 
Rxd6+ Kxd6 20. Qe5+ Kc6 21. Rd1 Rd8 22. Rxd8 Qxd8 23. h3 Qd6 24. Qxd6+ 
Kxd6 25. Kf1 Kc6 1/2-1/2

[Event "S67129 Gustafson Memorial Open"]
[Site "CCLA"]
[Date "2016.11.20"]
[Round "?"]
[White "Martindale, Roger"]
[Black "Shaffer, Aaron"]
[Result "1-0"]
[WhiteElo "1098"]
[BlackElo "1152"]

1. e4 e5 2. Nf3 Nc6 3. a3 Nf6 4. Nc3 Bc5 5. h3 d6 6. b4 Nd4 7. bxc5 dxc5 
8. Bc4 Nxf3+ 9. Qxf3 O-O 10. Nd5 Nxd5 11. exd5 b6 12. O-O Bb7 13. a4 a5 
14. Bb2 Re8 15. Rfe1 e4 16. Rxe4 Rxe4 17. Qxe4 Ba6 18. Qg4 1-0

[Event "S67109 Gustafson Memorial Open"]
[Site "CCLA"]
[Date "2016.11.20"]
[Round "?"]
[White "Simonson, Jay"]
[Black "Lines, Daniel"]
[Result "1-0"]
[WhiteElo "1337"]
[BlackElo "1413"]

1. e4 e5 2. Nf3 Nc6 3. a3 Nf6 4. Nc3 Bc5 5. Bc4 d6 6. Ng5 O-O 7. O-O Nd4 
8. d3 h6 9. Bxf7+ Rxf7 10. Nxf7 Kxf7 11. Nd5 Nxd5 12. Qh5+ Kg8 13. exd5 
Qf6 14. Qd1 a6 15. Qh5 Nxc2 16. Qe8+ Qf8 17. Qxf8+ Kxf8 18. Rb1 Nd4 19. 
Be3 Nf5 20. Rbc1 Bxe3 21. fxe3 Kg8 22. e4 Ne7 23. Rxc7 1-0

[Event "N60011 Match"]
[Site "CCLA"]
[Date "2016.02.11"]
[Round "?"]
[White "Martindale, Roger"]
[Black "Benson, Katie J."]
[Result "0-1"]
[WhiteElo "1174"]
[BlackElo "1199"]

1. e4 e5 2. Nf3 Nc6 3. a3 Nf6 4. Nc3 Bc5 5. b4 Bd6 6. Bc4 h6 7. d3 O-O 8. 
Nd5 Nxd5 9. Bxd5 a5 10. c3 axb4 11. a4 bxc3 12. Qb3 Nd4 13. Nxd4 exd4 14. 
Qc4 Be5 15. f4 c6 16. fxe5 cxd5 17. exd5 d6 18. Ba3 dxe5 19. Bxf8 Qxf8 20.
 O-O Kh8 21. d6 Qxd6 22. Qxf7 b5 23. Qe8+ Kh7 24. Qxb5 Qa6 25. Qxe5 Qxd3 
26. Rf7 Qg6 27. Raf1 Ba6 28. R1f5 Rg8 29. Qxd4 c2 30. Qd2 Rc8 31. R5f6 
c1=Q+ 32. Qxc1 Rxc1+ 33. Rf1 Rxf1+ 0-1

[Event "S60119 Premier Quad"]
[Site "CCLA"]
[Date "2016.05.09"]
[Round "?"]
[White "Haase, F. Philip"]
[Black "Vecchio, Ralph"]
[Result "1-0"]
[WhiteElo "1959"]
[BlackElo "1730"]

1. e4 e5 2. Nc3 Nf6 3. Nf3 Nc6 4. Bc4 Nxe4 5. Nxe4 d5 6. Bd3 f5 7. Nc3 e4 
8. Bb5 exf3 9. Qxf3 Be6 10. d4 Be7 11. Bf4 Bf6 12. Qe3 O-O 13. Qxe6+ Rf7 
14. Bxc6 bxc6 15. O-O-O Bg5 16. Bxg5 Qxg5+ 17. Kb1 Kf8 18. Qxc6 Rd8 19. 
Nxd5 f4 20. Nxc7 Rf6 21. Ne6+ 1-0

[Event "S60159 Server NA Class C Ch"]
[Site "CCLA"]
[Date "2016.05.12"]
[Round "?"]
[White "Gunning, Edward E."]
[Black "Hodgkins, Neil C."]
[Result "0-1"]
[WhiteElo "1469"]
[BlackElo "1433"]

1. e4 e5 2. Nf3 Nc6 3. Nc3 Nf6 4. d4 d6 5. d5 Ne7 6. Bb5+ Bd7 7. O-O g6 8.
 Qe2 Bg7 9. a4 a6 10. Bd3 c6 11. Bc4 O-O 12. Ra3 cxd5 13. exd5 Re8 14. h3 
Nf5 15. Ne4 Qc7 16. Bg5 Nxe4 17. Qxe4 f6 18. Bd2 b5 19. Bd3 Rab8 20. axb5 
axb5 21. Rfa1 Ne7 22. b4 Bf5 23. Qh4 Bxd3 24. cxd3 Nxd5 25. Ra7 Rb7 26. 
R7a3 Ne7 27. Rc1 Qd8 28. Be3 Nf5 29. Qg4 Nxe3 30. Qe4 d5 31. Qxe3 Bf8 32. 
Qd2 h5 33. Rc6 Rb6 34. Ra8 Rb8 35. Raa6 Bg7 36. d4 Ra8 37. Qa2 Rxa6 38. 
Qxa6 exd4 39. Qxb5 Re4 40. Rc5 Bf8 41. Rxd5 Bd6 42. Qd3 Qe7 43. Rxd4 Rxd4 
44. Qxd4 Bxb4 45. g3 Bc5 46. Qc4+ Kg7 47. Nh4 Qe1+ 48. Qf1 Bxf2+ 49. Kg2 
Qxf1+ 50. Kxf1 Bxg3 51. Nf3 g5 52. Nd4 Kg6 53. Kg2 Be5 54. Nf3 Bf4 55. Nd4
f5 56. Ne6 Bd6 57. Nd4 g4 58. Ne6 g3 59. h4 f4 60. Kf3 Kf5 61. Ng7+ Kg6 
62. Ne6 Kf5 63. Ng7+ Kg6 64. Ne6 g2 65. Kxg2 Kf5 66. Nd4+ Kg4 67. Nf3 Be7 
68. Ne5+ Kxh4 69. Kf3 Kg5 70. Nd3 Bd6 71. Nf2 Bc7 72. Kg2 Kh4 73. Ne4 Be5 
74. Nf2 Bc7 75. Nd3 Kg4 76. Nf2+ Kf5 77. Nh3 Ke4 78. Ng5+ Ke3 79. Nf3 Bd8 
80. Ng1 Bb6 81. Nf3 Bd8 82. Nh2 Ke2 83. Nf3 h4 84. Ng1+ Ke3 85. Nf3 h3+ 
0-1

[Event "S60259 Regular Quad"]
[Site "CCLA"]
[Date "2016.08.07"]
[Round "?"]
[White "Berger, Byron"]
[Black "Strelecky, Rich"]
[Result "0-1"]
[WhiteElo "1489"]
[BlackElo "1652"]

1. Nc3 e5 2. e4 Nf6 3. Nf3 Nc6 4. d4 exd4 5. Nxd4 Bb4 6. Nxc6 Bxc3+ 7. 
bxc3 bxc6 8. Bd3 O-O 9. O-O Re8 10. Re1 Rb8 11. f3 h6 12. Be3 Ra8 13. Rb1 
d6 14. Qd2 a5 15. Red1 d5 16. exd5 cxd5 17. c4 d4 18. Bxd4 Qxd4+ 0-1

[Event "S60269 Regular Quad"]
[Site "CCLA"]
[Date "2016.08.12"]
[Round "?"]
[White "Berger, Byron"]
[Black "Jimenez, Rachel"]
[Result "1-0"]
[WhiteElo "1489"]
[BlackElo "1366"]

1. Nc3 e5 2. e4 Nf6 3. Nf3 Nc6 4. d4 exd4 5. Nxd4 Bb4 6. Nxc6 bxc6 7. Bd3 
d5 8. exd5 cxd5 9. O-O O-O 10. h3 c6 11. Qf3 Re8 12. Bf4 Bd6 13. Rfe1 Be6 
14. Ne2 Rb8 15. b3 Qc7 16. Qg3 Bxf4 17. Nxf4 Bd7 18. Nh5 Qxg3 19. Nxf6+ 
gxf6 20. fxg3 Re6 21. c4 Rxe1+ 22. Rxe1 Be6 23. cxd5 cxd5 24. Rc1 Rc8 25. 
Rxc8+ Bxc8 26. Kf2 f5 27. Kf3 a6 28. Kf4 Kf8 29. Bxf5 Bb7 30. Bxh7 Ke7 31.
 Ke5 f6+ 32. Kd4 Ke6 33. Bg8+ Kd6 34. h4 1-0

[Event "S60031 Winter Series"]
[Site "CCLA"]
[Date "2016.01.28"]
[Round "?"]
[White "Ragan, Anthony"]
[Black "Hodgkins, Neil C."]
[Result "1-0"]
[WhiteElo "1822"]
[BlackElo "1462"]

1. e4 e5 2. Nf3 Nc6 3. Nc3 Nf6 4. Bb5 a6 5. Bxc6 dxc6 6. Nxe5 Bd7 7. Nxd7 
Qxd7 8. O-O Bb4 9. d3 O-O 10. Qf3 Bxc3 11. bxc3 Rfe8 12. Bg5 Re6 13. Qh3 
Qe7 14. f4 h6 15. Bxf6 Qxf6 16. e5 Qd8 17. d4 b5 18. f5 Re8 19. f6 Qc8 20.
 Qh5 Qe6 21. Rf4 Kh7 22. fxg7 Kxg7 23. Rf6 1-0

[Event "S67049 Gustafson Memorial Open"]
[Site "CCLA"]
[Date "2016.11.20"]
[Round "?"]
[White "Ragan, Anthony"]
[Black "Thomas, Gerald K."]
[Result "1-0"]
[WhiteElo "1799"]
[BlackElo "1943"]

1. e4 e5 2. Nf3 Nc6 3. Nc3 Nf6 4. Bb5 Bd6 5. d3 a6 6. Ba4 O-O 7. Bg5 h6 8.
 Bh4 Re8 9. Nd5 b5 10. Bxf6 gxf6 11. Bb3 Bf8 12. Nh4 d6 13. Ne3 Be6 14. 
Qh5 Bxb3 15. axb3 Ne7 16. Nhf5 Nxf5 17. Nxf5 Bg7 18. Qg4 1-0

[Event "S60169 Server NA Class D Ch"]
[Site "CCLA"]
[Date "2016.05.12"]
[Round "?"]
[White "Simonson, Jay"]
[Black "Henriques, Keith"]
[Result "1-0"]
[WhiteElo "1309"]
[BlackElo "1250"]

1. e4 e5 2. Nf3 Nc6 3. Bc4 h6 4. O-O Qe7 5. Re1 Nf6 6. d4 d6 7. d5 Na5 8. 
Bb5+ Bd7 9. Nc3 O-O-O 10. Bxd7+ Nxd7 11. Be3 a6 12. Qd3 c6 13. dxc6 Nxc6 
14. Nd5 Qe8 15. g3 a5 16. Qb5 Nc5 17. Qb6 a4 18. Qc7# 1-0

[Event "S67129 Gustafson Memorial Open"]
[Site "CCLA"]
[Date "2016.11.20"]
[Round "?"]
[White "Bearce, Harold L."]
[Black "Lyons, Gage W."]
[Result "0-1"]
[WhiteElo "1048"]
[BlackElo "1210"]

1. e4 e5 2. Nf3 Nc6 3. Bc4 Bc5 4. a3 Nf6 5. d3 Nd4 6. Nc3 Nxf3+ 7. Qxf3 
O-O 8. Be3 d6 9. Bd2 Qd7 10. h3 Bd4 11. Qd1 Bxc3 12. Bxc3 Qe8 13. Bd2 Be6 
14. Bxe6 Qxe6 15. Be3 b6 16. Qd2 Kh8 17. h4 Ng8 18. Rh3 f5 19. f3 f4 20. 
Bf2 Ne7 21. Ke2 Nc6 22. g3 Qxh3 23. g4 Nd4+ 24. Kd1 Qxf3+ 25. Kc1 Qe2 26. 
Qxe2 Nxe2+ 27. Kd2 Nd4 0-1

[Event "S60099 Regular Quad"]
[Site "CCLA"]
[Date "2016.02.14"]
[Round "?"]
[White "Bearce, Harold L."]
[Black "Blankenship, Jerry T."]
[Result "0-1"]
[WhiteElo "1032"]
[BlackElo "1675"]

1. e4 e5 2. Nf3 Nc6 3. Bc4 Bc5 4. a3 Nf6 5. O-O d5 6. exd5 Na5 7. Ba2 e4 
8. Nc3 exf3 9. Re1+ Be7 10. g3 b6 11. Qxf3 O-O 12. d3 Bg4 13. Qe3 Re8 14. 
f3 Bc5 0-1

[Event "S60241 Summer Series"]
[Site "CCLA"]
[Date "2016.07.31"]
[Round "?"]
[White "Bearce, Harold L."]
[Black "Williams, Rufus H."]
[Result "0-1"]
[WhiteElo "1032"]
[BlackElo "1375"]

1. e4 e5 2. Nf3 Nc6 3. Bc4 Nf6 4. Nc3 Bc5 5. a3 O-O 6. O-O d6 7. b4 Bd4 8.
 Bb2 Bxc3 9. Bxc3 Be6 10. Bxe6 fxe6 11. d3 a6 12. Bd2 b5 13. c4 bxc4 14. 
dxc4 Nd4 15. Re1 Nh5 16. Bc3 Nxf3+ 17. gxf3 Qg5+ 18. Kh1 Nf4 19. Rg1 Qh4 
20. Qd2 Nh3 21. Rg4 Nxf2+ 0-1

[Event "S67089 Gustafson Memorial Open"]
[Site "CCLA"]
[Date "2016.11.20"]
[Round "?"]
[White "Fisher Jr., Arthur"]
[Black "Hadley, Douglas R."]
[Result "0-1"]
[WhiteElo "1608"]
[BlackElo "1606"]

1. e4 e5 2. Nf3 Nc6 3. Bc4 Bc5 4. O-O d6 5. h3 Nf6 6. Nc3 O-O 7. d3 h6 8. 
a3 a6 9. Be3 Nd4 10. Bxd4 exd4 11. Ne2 Be6 12. Bxe6 fxe6 13. Nexd4 Qe7 14.
 Ne2 e5 15. Ng3 Rad8 16. Nf5 Qe6 17. N3h4 Qe8 18. Qf3 Qh5 19. Qg3 Rd7 20. 
Qg6 Qxg6 21. Nxg6 Rff7 22. Ngh4 c6 23. Nf3 b5 24. b4 Ba7 25. Rfe1 Kh7 26. 
a4 Bb8 27. axb5 axb5 28. Ra6 g6 29. Ne3 Rc7 30. c4 bxc4 31. Nxc4 Ne8 32. 
Na5 c5 33. bxc5 Rxc5 34. Nc4 Rb5 35. Rb6 Rxb6 36. Nxb6 Rb7 37. Nd5 Kg7 38.
 d4 Rb2 39. dxe5 dxe5 40. Ne3 Nf6 41. Nd5 Ba7 42. Kf1 Rxf2+ 43. Kg1 Rxf3+ 
44. Kh2 Rf2 45. Rb1 Nxd5 46. exd5 Rf7 47. g4 Rd7 48. Rb5 Bd4 49. Kg3 e4 
50. Kf4 e3 51. Kf3 Rd6 52. Ke2 Kf6 53. h4 Ke5 54. Rb7 Kxd5 55. Rh7 Rf6 56.
 Rd7+ Ke4 57. Re7+ Be5 58. g5 Rf2+ 59. Ke1 hxg5 60. hxg5 Kf4 61. Rf7+ Kxg5
62. Rxf2 exf2+ 63. Kxf2 Kh4 64. Kg2 g5 65. Kg1 Kh3 66. Kh1 g4 67. Kg1 g3 
0-1

[Event "S60241 Summer Series"]
[Site "CCLA"]
[Date "2016.07.31"]
[Round "?"]
[White "Williams, Rufus H."]
[Black "Selby, Robin"]
[Result "1-0"]
[WhiteElo "1375"]
[BlackElo "1226"]

1. e4 e5 2. Nf3 Nc6 3. Bc4 Nf6 4. d3 Bc5 5. a3 O-O 6. Nc3 Re8 7. O-O b6 8.
 Ba2 Be7 9. b4 h6 10. Nh4 d6 11. h3 Be6 12. Bxe6 fxe6 13. Bb2 Rf8 14. Ne2 
Nh5 15. Ng6 Rf6 16. Nxe7+ Nxe7 17. Ng3 Nxg3 18. fxg3 Rg6 19. g4 Qd7 20. 
Qd2 Rf8 21. a4 Qe8 22. b5 Kh7 23. c4 Rf4 24. Rxf4 exf4 25. Qxf4 e5 26. Qe3
c5 27. Bc3 Ng8 28. Bd2 Qe6 29. Rf1 Rf6 30. Rxf6 Nxf6 31. Qg3 Qf7 32. Be3 
Qg6 33. Kh2 Qf7 34. Bd2 Qg6 35. Be3 h5 36. Qh4 Kg8 37. g5 Nh7 38. g3 Kh8 
39. Kg2 Kg8 40. Kh2 Kf7 41. Bd2 Ke7 42. g4 Kd7 43. gxh5 Qe8 44. g6 Nf8 45.
 Qg4+ Kc7 46. Qf5 Kb7 47. Qf7+ Qxf7 48. gxf7 Kc7 49. Kg3 Kd7 50. Bg5 Ke6 
51. h6 Kxf7 52. hxg7 Kxg7 53. Kf3 Kg6 54. Kg4 Ne6 55. Bd2 Nd4 56. a5 Nb3 
57. axb6 axb6 58. Bg5 Nc1 59. Bd8 Nxd3 60. Bxb6 Nb4 61. Bd8 Kh6 62. b6 Nc6
63. Bc7 Kg6 64. b7 Kf6 65. Kh5 Ke6 66. Kg6 Kd7 67. b8=Q Nxb8 68. Bxb8 Ke6 
69. Bxd6 Kxd6 70. h4 Ke6 71. h5 Ke7 72. Kg7 Ke6 73. h6 1-0

[Event "S67129 Gustafson Memorial Open"]
[Site "CCLA"]
[Date "2016.11.20"]
[Round "?"]
[White "Bearce, Harold L."]
[Black "Shaffer, Aaron"]
[Result "0-1"]
[WhiteElo "1048"]
[BlackElo "1152"]

1. e4 e5 2. Nf3 Nc6 3. Bc4 Nf6 4. d3 Bc5 5. h3 O-O 6. O-O d5 7. exd5 Ne7 
8. Re1 c6 9. Be3 cxd5 10. Bb3 Bxe3 11. Re2 Bb6 12. c3 e4 13. dxe4 Be6 14. 
exd5 Bxd5 0-1

[Event "S67119 Gustafson Memorial Open"]
[Site "CCLA"]
[Date "2016.11.20"]
[Round "?"]
[White "Dolan, Bruce"]
[Black "Leber, David"]
[Result "1-0"]
[WhiteElo "1312"]
[BlackElo "1270"]

1. e4 e5 2. Nf3 Nc6 3. Bc4 Bc5 4. O-O Nf6 5. d3 O-O 6. Nc3 d6 7. Na4 Bb4 
8. c3 Ba5 9. b4 Bb6 10. Bg5 Qe7 11. d4 Bg4 12. d5 Nd8 13. Nxb6 axb6 14. h3
Bd7 15. Qd3 c5 16. Bb5 Ra3 17. Bxd7 Qxd7 18. Bxf6 gxf6 19. Nh4 Kh8 20. Qe3
Rg8 21. Qh6 Qe7 22. Nf5 Qf8 23. Qxf6+ Rg7 24. Nxg7 Qxg7 25. Qxd8+ Qg8 26. 
Qxg8+ Kxg8 27. bxc5 bxc5 28. Rfc1 b5 29. Rc2 Kg7 30. Rb1 Ra5 31. Rb3 c4 
32. Rb4 f6 33. Rcb2 Kg6 34. Rxb5 Ra6 35. Rb6 Ra3 36. Rc2 h5 37. h4 Ra4 38.
 Rxd6 Kf7 39. Rb6 Kg6 40. Rb4 Ra6 41. Rxc4 Rb6 42. Rb4 Ra6 43. c4 Kf7 44. 
c5 Ke7 45. Rb7+ Kd8 46. c6 Ra8 47. c7+ Kc8 48. Rb8+ Rxb8 49. cxb8=Q+ Kxb8 
50. d6 f5 51. d7 f4 52. Rc8+ Kb7 53. d8=Q f3 54. Qc7+ Ka6 55. Qb8 fxg2 56.
 Rc7 Ka5 57. Ra7# 1-0

[Event "S60231 Summer Series"]
[Site "CCLA"]
[Date "2016.07.31"]
[Round "?"]
[White "Sanchez, David A."]
[Black "Cangelosi, Dominic"]
[Result "1-0"]
[WhiteElo "1426"]
[BlackElo "1417"]

1. e4 e5 2. Nf3 Nc6 3. Bc4 Bc5 4. b4 Bxb4 5. c3 Be7 6. d4 Na5 7. Bd3 exd4 
8. cxd4 d5 9. Qa4+ c6 10. exd5 Qxd5 11. Nc3 Qd8 12. O-O Nf6 13. Bd2 O-O 
14. Ne4 b6 15. Qc2 Bg4 16. Nxf6+ Bxf6 17. Bxh7+ Kh8 18. Be4 Bxf3 19. Bxf3 
Bxd4 20. Rad1 Qc7 21. Bxa5 Be5 22. g3 bxa5 23. Rfe1 g6 24. Qxc6 Qxc6 25. 
Bxc6 Rac8 26. Rxe5 Rxc6 27. Rxa5 a6 28. Rd7 Kg7 29. Ra7 Rb8 30. Ra3 Rb2 
31. R7xa6 Rcc2 32. Rf3 1-0

[Event "S67109 Gustafson Memorial Open"]
[Site "CCLA"]
[Date "2016.11.20"]
[Round "?"]
[White "Sanchez, David A."]
[Black "Lines, Daniel"]
[Result "1-0"]
[WhiteElo "1419"]
[BlackElo "1413"]

1. e4 e5 2. Nf3 Nc6 3. Bc4 Bc5 4. b4 Be7 5. c3 Nf6 6. Qb3 O-O 7. d3 d6 8. 
Bg5 h6 9. h4 Nd4 10. cxd4 exd4 11. Bf4 c6 12. Nxd4 d5 13. exd5 cxd5 14. 
Bb5 Bd7 15. Nc3 Bxb5 16. Ncxb5 a6 17. Nc3 Qb6 18. Nf5 Bd8 19. Qb2 Bc7 20. 
Bxc7 Qxc7 21. Nxd5 Rae8+ 22. Kd1 Qe5 23. Qxe5 Rxe5 24. Nxf6+ 1-0

[Event "S67119 Gustafson Memorial Open"]
[Site "CCLA"]
[Date "2016.11.20"]
[Round "?"]
[White "Dolan, Bruce"]
[Black "Benson, Katie J."]
[Result "1-0"]
[WhiteElo "1312"]
[BlackElo "1197"]

1. e4 e5 2. Nf3 Nc6 3. Bc4 Bc5 4. O-O Nf6 5. c3 O-O 6. d4 exd4 7. cxd4 Be7
8. e5 Ne4 9. Bd5 Ng5 10. Nxg5 d6 11. Qh5 Bxg5 12. Bxg5 Qd7 13. Be4 g6 14. 
Qh6 Qe6 15. Bf6 Qxf6 16. exf6 1-0

[Event "S60309 Regular Quad"]
[Site "CCLA"]
[Date "2017.01.07"]
[Round "?"]
[White "Bearce, Harold L."]
[Black "Smiley, William R."]
[Result "1/2-1/2"]
[WhiteElo "1032"]
[BlackElo "1563"]

1. e4 e5 2. Nf3 Nc6 3. Bc4 Bc5 4. c3 Nf6 5. d3 O-O 6. a3 d5 7. exd5 Nxd5 
8. b4 Bb6 9. Bxd5 Qxd5 10. Bd2 Qxd3 11. Ng1 Qe4+ 12. Kf1 Qf5 13. Qe2 Re8 
14. Nf3 Bd7 15. Be3 Bxe3 16. Qxe3 f6 17. Nbd2 Ne7 18. Ke2 Nd5 1/2-1/2

[Event "S60169 Server NA Class D Ch"]
[Site "CCLA"]
[Date "2016.05.12"]
[Round "?"]
[White "Bearce, Harold L."]
[Black "Henriques, Keith"]
[Result "0-1"]
[WhiteElo "1095"]
[BlackElo "1250"]

1. e4 e5 2. Nf3 Nc6 3. Bc4 Nf6 4. c3 Qe7 5. a3 a6 6. d3 d6 7. O-O h6 8. h3
b5 9. Bb3 Be6 10. Bxe6 Qxe6 11. Be3 Be7 12. Nbd2 O-O 13. Qc2 Rad8 14. g4 
d5 15. exd5 Rxd5 16. Ne4 Rfd8 17. Rad1 Nxe4 18. dxe4 Rxd1 19. Rxd1 f6 20. 
Rxd8+ Nxd8 21. Qd2 Nc6 22. b4 g5 23. h4 Qxg4+ 24. Kf1 Qh3+ 0-1

[Event "S67119 Gustafson Memorial Open"]
[Site "CCLA"]
[Date "2016.11.20"]
[Round "?"]
[White "Dolan, Bruce"]
[Black "Lyons, Brenda M."]
[Result "1-0"]
[WhiteElo "1312"]
[BlackElo "1220"]

1. e4 e5 2. Nf3 Nc6 3. Bc4 Nf6 4. d4 d6 5. dxe5 dxe5 6. Qxd8+ Nxd8 7. Nc3 
Bb4 8. Bd2 Bg4 9. Nxe5 O-O 10. a3 Bxc3 11. Bxc3 Be6 12. Bd3 Nd7 13. O-O-O 
Nxe5 14. Bxe5 c6 15. Bd6 Re8 16. h4 f6 17. f4 Nf7 18. Bb4 Red8 19. f5 Bd7 
20. Bc4 Be8 21. Kb1 Rxd1+ 22. Rxd1 b5 23. Be6 Rd8 24. Rxd8 1-0

[Event "S67069 Gustafson Memorial Open"]
[Site "CCLA"]
[Date "2016.11.20"]
[Round "?"]
[White "Smail, John"]
[Black "Avery, Bryce"]
[Result "0-1"]
[WhiteElo "1720"]
[BlackElo "1637"]

1. e4 e5 2. Bc4 Nf6 3. d4 exd4 4. Nf3 Nc6 5. e5 d5 6. Bb5 Nd7 7. O-O Be7 
8. Bxc6 bxc6 9. Nxd4 Nb8 10. Nc3 c5 11. Nf3 Be6 12. Qe2 O-O 13. Bf4 Nc6 
14. Rfd1 Rb8 15. Rab1 Qd7 16. Ne4 Nd4 17. Nxd4 cxd4 18. Nd2 Qa4 19. Nb3 d3
0-1

[Event "S60201 Summer Series"]
[Site "CCLA"]
[Date "2016.07.31"]
[Round "?"]
[White "Clancey, James"]
[Black "Traxler, Alex"]
[Result "1-0"]
[WhiteElo "2039"]
[BlackElo "2137"]
[Termination "time forfeit"]

1. e4 e5 2. Nf3 Nc6 3. Bc4 Nf6 4. Ng5 d5 5. exd5 Nxd5 6. Nxf7 Kxf7 7. Qf3+
Ke6 8. Nc3 Nb4 9. a3 Nxc2+ 10. Kd1 Nxa1 11. Nxd5 Kd6 12. d4 Be6 13. Re1 c6
14. Rxe5 Bxd5 15. Rxd5+ cxd5 16. Qxd5+ 1-0

[Event "S67039 Gustafson Memorial Open"]
[Site "CCLA"]
[Date "2016.11.20"]
[Round "?"]
[White "Stroup, Jim"]
[Black "Clancey, James"]
[Result "1-0"]
[WhiteElo "2058"]
[BlackElo "2007"]

1. e4 e5 2. Nf3 Nc6 3. Bc4 Nf6 4. Ng5 d5 5. exd5 Na5 6. Bb5+ c6 7. dxc6 
bxc6 8. Bd3 Nd5 9. Nf3 Bd6 10. O-O Nf4 11. Nc3 Nxd3 12. cxd3 Bb4 13. Qa4 
Rb8 14. a3 Bxc3 15. dxc3 Nb3 16. Nxe5 Qc7 17. Nxc6 Nc5 18. Qxa7 1-0

[Event "S60089 Premier Quad"]
[Site "CCLA"]
[Date "2016.02.12"]
[Round "?"]
[White "Catania, Duane"]
[Black "Haase, F. Philip"]
[Result "0-1"]
[WhiteElo "1779"]
[BlackElo "1959"]

1. e4 e5 2. Nf3 Nc6 3. Bc4 Nf6 4. Ng5 d5 5. exd5 Na5 6. Bb5+ c6 7. dxc6 
bxc6 8. Qf3 Be7 9. Bxc6+ Nxc6 10. Qxc6+ Bd7 11. Qa6 O-O 12. Nc3 h6 13. 
Nge4 Nxe4 14. Nxe4 Rc8 15. c3 f5 16. Ng3 Bc6 17. O-O Qd5 18. f3 Bb5 19. 
Qa5 Bc5+ 20. Rf2 Qd3 21. a4 Ba6 22. b4 Bb6 0-1

[Event "S60089 Premier Quad"]
[Site "CCLA"]
[Date "2016.02.12"]
[Round "?"]
[White "Catania, Duane"]
[Black "Shannon, Paul D."]
[Result "0-1"]
[WhiteElo "1779"]
[BlackElo "1828"]

1. e4 e5 2. Nf3 Nc6 3. Bc4 Nf6 4. Ng5 d5 5. exd5 Na5 6. Bb5+ c6 7. dxc6 
bxc6 8. Qf3 Qc7 9. Nc3 Bd6 10. Ba4 O-O 11. Nge4 Nxe4 12. Nxe4 Bd7 13. Nxd6
Qxd6 14. d3 Qb4+ 15. Bd2 Qxa4 16. b3 Qa3 17. O-O Nb7 18. Qe4 Rfe8 19. Bb4 
Qa6 20. Rfe1 c5 21. Bc3 f6 22. Re3 Qc6 23. Qh4 Nd6 24. Rf3 Nf5 25. Qe4 Nd4
26. Bxd4 cxd4 27. Qxc6 Bxc6 28. Rg3 Rac8 29. f3 Bb5 30. a4 Ba6 31. Ra2 Rc7
0-1